Pokemon Multiple Choice Quiz - Statistics

General Stats
  • This quiz has been taken 40 times
  • The average score is 5 of 11
Answer Stats
Question Answer % Correct
What region was first introduced in generation five? Unova
89%
How many Unique Pokeballs are there? 28
78%
What Pokemon does AZ have in X and Y? Floette
78%
What Generation did Pokemon Fire Red and Leaf Green release? Gen 3
78%
What type is Palkia? Water, Dragon
67%
When was the ability Sturdy introduced? Gen 3
44%
What company was the main developer of Brilliant Diamond and Shining Pearl? ILCA
44%
What Pokemon is required to access the Sinjoh ruins? Arceus
22%
What is the Orre region Based on? Arizona
22%
How many seasons of the anime are there so far? (Hint: as of this quiz it is everything up to the end of Pokemon Journeys.) 25
11%
How many volumes of Pokemon Adventures are there? (As of November 2022) 63
0%
No matching quizzes found
Score Distribution
Percent of People with Each Score
Percentile by Number Answered
Your Score History
You have not taken this quiz